000 00557nam a2200181 i 4500
001 71805
003 ES-MaACL
005 20240429130055.0
007 t|
008 040818s1904 it ||||1| ita d
100 1 _aGiani, Romualdo.
_956611
245 1 2 _aL'estetica nei "pensieri" di Giacomo Leopardi /
_cRomualdo Giani.
260 _aTorino :
_b[s.n.,
_c1904] (
_fVincenzo Bona)
300 _aXI, 254 p. ;
_c17 cm.
600 1 4 _aLeopardi, Giacomo,
_d1798-1837-
_xCrítica e interpretación
_971705
852 _aES-MaACL
_jD-1590
999 _c71805
_d71805